000 00973nas a2200325 4500
001 BR8303711
003 BR-BrBNA
005 20231205085622.0
007 ta
008 230509b bl.|||p| |||| 00| 00por d
040 _aBR-BrBNA
_bpor
_cBiblioteca Nacional de Agricultura
041 _a(Pt)
072 _aK20
100 1 _aFoelkel, C.E.B.
100 1 _aBusnardo, C.A.
100 1 _aDias, C.
100 1 _aSchimidt, C.
100 1 _aSilva, R.M.R. da
100 1 _aVesz, J.B.V.
111 1 _a4. Congresso Florestal Brasileiro
_cBelo Horizonte, MG (Brazil)
_d10-15 May 1982
245 1 _aVariabilidade radial da madeira de Eucalyptus saligna [eucalipto, variedade]
650 _aEUCALIPTO
650 _aVARIEDADE
650 _aDENDROMETRIA
650 _aCERNE
650 _aALBURNO
773 0 _tSilvicultura (Brazil)
_xISSN 0100-3615
_g(Jan-Feb 1983), v. 8(28) p. 782-791
_wBR8303711
909 _a202311
_bLúcia
_c55
_dLúcia Elande
942 _2AGRIS
_n0
_cANA
999 _c112583
_d112583